| 000 | 00000nam 2200000zi 4500 |
| 001 | 9.922233 |
| 003 | CaOODSP |
| 005 | 20230503143857 |
| 006 | m o d f |
| 007 | cr |n||||||||| |
| 008 | 230503e19961107onc o f|0| 0 fre d |
| 040 | |aCaOODSP|bfre|erda|cCaOODSP |
| 043 | |an-cn--- |
| 086 | 1 |aIu64-201/1996F-PDF |
| 245 | 00|aDemandes pour mettre au point et exploiter des systèmes de radiodiffusion directe par satellite (SRS) sur la position obitale 91° de longitude ouest pour répondre aux besoins canadiens en matière de radiodiffusion. |
| 264 | 1|aOttawa : |bIndustry Canada = Industrie Canada, |cle 7 novembre 1996. |
| 300 | |a1 ressource en ligne (1 volume (pagination multiple)) |
| 336 | |atexte|btxt|2rdacontent/fre |
| 337 | |ainformatique|bc|2rdamedia/fre |
| 338 | |aressource en ligne|bcr|2rdacarrier/fre |
| 500 | |aPublié aussi en anglais sous le titre : Call for applications to develop and operate Direct Broadcast Satellite (DBS) facilities in the 91° west longitude orbital position to serve Canadian broadcasting needs. |
| 500 | |aÉdition numérisée de l'imprimé [par Innovation, Sciences et Développement économique Canada]. |
| 650 | 6|aTélévision par satellite|zCanada. |
| 710 | 1 |aCanada. |bIndustrie Canada, |eorganisme de publication. |
| 775 | 08|tCall for applications to develop and operate Direct Broadcast Satellite (DBS) facilities in the 91° west longitude orbital position to serve Canadian broadcasting needs.|w(CaOODSP)9.893079 |
| 856 | 40|qPDF|s386 Ko|uhttps://publications.gc.ca/collections/collection_2023/isde-ised/iu64/Iu64-201-1996-fra.pdf |